Relações raciais entre homossexuais no Brasil colonial

A partir de pesquisa documental referente a processos inquisitoriais em Pernambuco e na Bahia, o artigo atesta a antigüidade das práticas homossexuais no país, apesar da repressão sofrida em tempos coloniais, quando eram consideradas "pecado nefando" e crime de "lesa-majestade"....

Full description

Saved in:  
Bibliographic Details
Main Author: Mott, Luiz (Author)
Format: Electronic Book
Language:Portuguese
Published: 1992
In:Year: 1992
Online Access: Volltext (kostenfrei)
Check availability: HBZ Gateway

MARC

LEADER 00000cam a22000002c 4500
001 1865809977
003 DE-627
005 20250127054844.0
007 cr uuu---uuuuu
008 231017s1992 xx |||||o 00| ||por c
035 |a (DE-627)1865809977 
035 |a (DE-599)KXP1865809977 
040 |a DE-627  |b ger  |c DE-627  |e rda 
041 |a por 
084 |a 2,1  |2 ssgn 
100 1 |a Mott, Luiz  |e VerfasserIn  |4 aut 
245 1 0 |a Relações raciais entre homossexuais no Brasil colonial 
264 1 |c 1992 
336 |a Text  |b txt  |2 rdacontent 
337 |a Computermedien  |b c  |2 rdamedia 
338 |a Online-Ressource  |b cr  |2 rdacarrier 
520 |a A partir de pesquisa documental referente a processos inquisitoriais em Pernambuco e na Bahia, o artigo atesta a antigüidade das práticas homossexuais no país, apesar da repressão sofrida em tempos coloniais, quando eram consideradas "pecado nefando" e crime de "lesa-majestade". Examina a cor da pele e a condição social dos parceiros cujos envolvimentos foram devassados pela Inquisição, concluindo pela abrangência das práticas homossexuais e de poder 
856 4 0 |u https://core.ac.uk/download/268284676.pdf  |x Verlag  |z kostenfrei  |3 Volltext  |7 0 
935 |a mkri 
951 |a BO 
ELC |a 1 
LOK |0 000 xxxxxcx a22 zn 4500 
LOK |0 001 4390848372 
LOK |0 003 DE-627 
LOK |0 004 1865809977 
LOK |0 005 20231017043628 
LOK |0 008 231017||||||||||||||||ger||||||| 
LOK |0 035   |a (DE-2619)CORE74823238 
LOK |0 040   |a DE-2619  |c DE-627  |d DE-2619 
LOK |0 092   |o n 
LOK |0 852   |a DE-2619 
LOK |0 852 1  |9 00 
LOK |0 935   |a core 
LOK |0 939   |a 17-10-23  |b l01 
OAS |a 1 
ORI |a SA-MARC-krimdoka001.raw